[Event "Alberta-ch Juniors"]
[Site "Red Deer"]
[Date "2002.11.02"]
[Round "1"]
[White "Pradhan, Faruq"]
[Black "Eshleman, Brandon"]
[Result "0-1"]
[WhiteElo "1182"]
[BlackElo "1923"]
[PlyCount "64"]
[EventDate "2002.11.02"]
[EventType "swiss"]
[EventRounds "5"]
[EventCountry "CAN"]
[SourceTitle "EXT 2017"]
[Source "ChessBase"]
[SourceDate "2016.10.25"]
[SourceVersion "1"]
[SourceVersionDate "2016.10.25"]
[SourceQuality "1"]

1. e4 e5 2. Nf3 Nc6 3. Bc4 Bc5 4. 0-0 d6 5. d3 Bg4 6. h3 Bh5 7. c3 Nf6 8. Re1 0-0 9. Be3 Bb6 10. Bxb6 axb6 11. Nbd2 h6 12. Qe2 Nh7 13. Qe3 Na5 14. Bb3 Nxb3 15. axb3 Qe7 16. Rf1 Bg6 17. Nh2 f5 18. f3 f4 19. Qf2 Nf6 20. Rxa8 Rxa8 21. Re1 Bf7 22. c4 Ra2 23. Rb1 Be6 24. g4 fxg3 25. Qxg3 Nh5 26. Qg2 Nf4 27. Qf1 Bxh3 28. Qf2 Qg5+ 29. Ng4 Bxg4 30. fxg4 Qxg4+ 31. Kf1 Qh3+ 32. Ke1 Nxd3+ 0-1